Outsourcing military logistics: a study on feasibility of logistics outsourcing in the Indian army (Record no. 501994)

000 -LEADER
fixed length control field 00536cam a22001337a 4500
008 - FIXED-LENGTH DATA ELEMENTS--GENERAL INFORMATION
fixed length control field 180718b2010 xxu||||| |||| 00| 0 eng d
082 ## - DEWEY DECIMAL CLASSIFICATION NUMBER
Classification number APPPA 2009-10/BAL
100 ## - MAIN ENTRY--PERSONAL NAME
Personal name Bal. P. P. S.
245 ## - TITLE STATEMENT
Title Outsourcing military logistics: a study on feasibility of logistics outsourcing in the Indian army
Statement of responsibility, etc. by P. P. S. Bal
260 ## - PUBLICATION, DISTRIBUTION, ETC.
Place of publication, distribution, etc. New Delhi
Name of publisher, distributor, etc. Indian Institute of Public Administration
Date of publication, distribution, etc. 2010
300 ## - PHYSICAL DESCRIPTION
Extent 101p.
500 ## - GENERAL NOTE
General note An APPPA M.Phil dissertation, 2009-10 (Guide: Prof. Pranab Banerji)
650 ## - SUBJECT ADDED ENTRY--TOPICAL TERM
Topical term or geographic name entry element Army equipments and supply -India
Holdings
Withdrawn status Lost status Damaged status Not for loan Permanent Location Current Location Date acquired Total Checkouts Full call number Barcode Date last seen Date last checked out Price effective from Koha item type
        Indian Institute of Public Administration Indian Institute of Public Administration 2018-08-04 2 APPPA 2009-10/BAL GR18502 2022-03-11 2021-07-29 2018-08-04 GR

Powered by Koha